000 nam a22 7a 4500
999 _c7989
_d7989
008 171121b xxu||||| |||| 00| 0 eng d
100 _aThomson.D.
_94443
245 _aDanny Fox
260 _bPuttin books
_c1966